000 01362cam a2200361 4500
999 _c3190
_d3190
001 351391
003 OSt
005 20231101093410.0
008 221003s2015 nyua c 000 1 eng d
010 _abl2015006052
020 _a9781442487697 :
_q(hbk.) :
040 _aYDXCP
_beng
_cYDXCP
_dBTCTA
_dBDX
_dOCLCQ
_dNOG
_dOCLCO
_dCO2
_dJQM
_dOCLCO
_dZHB
_dABG
_dOCLCO
_dHQD
_dTXBXL
_dVTL
_dJBL
_dOCLCO
_dKH8
042 _anbic
082 0 _aFIC RUS
100 1 _aRussell, Rachel Renée,
_eaut.
245 1 0 _aTales from a not-so-dorky drama queen /
_cRachel Renée Russell, with Nikki Russell and Erin Russell.
250 _a1st Aladdin hardcover ed.
260 _aNew York :
_bAladdin,
_c2015.
300 _a331 p. :
_bill. ;
_c21 cm.
490 1 _aDork diaries ;
_v9.
520 _aNikki's diary is up to the month of April, and springtime is sure to bring more wacky adventures with Nikki and her friends Chloe, Zoey, and Brandon!
521 1 _aAges 9-13.
650 0 _aDiaries
_vJuvenile fiction.
650 0 _aTeenage girls
_vJuvenile fiction.
650 0 _aMiddle schools
_vJuvenile fiction.
650 0 _aFriendship
_vJuvenile fiction.
650 0 _aChildren's literature.
655 0 _aYoung adult fiction.
700 1 _aRussell, Nikki,
_eaut.
700 1 _aRussell, Erin,
_eaut.
800 1 _aRussell, Rachel Renée.
_tDork diaries ;
_v9.
942 _2ddc
_cFIC